| 000 | 01188nam a22002417a 4500 | ||
|---|---|---|---|
| 999 |
_c59788 _d59788 |
||
| 003 | Ge_BSU | ||
| 005 | 20230419112845.0 | ||
| 008 | 230419s2010 ge ||||| |||| 00| 0 geo d | ||
| 020 | _a9789941026492 | ||
| 041 | _ageo | ||
| 080 | _a902.2(479.22) ჩ-23 | ||
| 100 |
_aჩართოლანი, შოთა _917555 |
||
| 245 |
_aშრომები / _cშოთა ჩართოლანი; [რედ.-გამომც. ჯუანშერ ამირანაშვილი]. |
||
| 264 |
_aთბილისი : _b[ჯუანშერ ამირანაშვილი], _c2010. |
||
| 300 |
_a298 გვ. : _bსურ., ტაბ. ; _c24 სმ. |
||
| 504 | _aბიბლიოგრ. ტექსტ. შენიშვნ. | ||
| 520 | _aრეზ. რუს., გერმ. და ინგლ. | ||
| 653 | _aარქეოლოგიური გათხრები საქართველოში | ||
| 653 | _aარქეოლოგია | ||
| 653 | _aსვანეთი | ||
| 700 |
_aამირანაშვილი, ჯუანშერ _eრედაქტორ-გამომცემელი _917671 |
||
| 942 |
_2udc _cBK |
||